000 00222 a2200085 4500
245 _aZIMBABWE AGRICULTURE REVOLUTION REVISITED
_hText
100 _aMANDIVAMBA RUKUNI,PATRICK TAWONEZVI
650 _aAGRICULTURE
005 20191017172137.0
084 _aNONE
999 _c8492
_d8492